Logo BPK

Biblioteka

Politechniki Koszalińskiej

Chopin / (Rekord nr 34959)

Szczegóły MARC
000 -ETYKIETA REKORDU
podpole kontrolne o stałej długości 02071njm a2200529 i 4500
001 - NUMER KONTROLNY REKORDU
pole kontrolne 34959
003 - IDENTYFIKATOR NUMERU KONTROLNEGO REKORDU
podpole kontrolne KOSZ 005
005 - DATA OSTATNIEJ MODYFIKACJI REKORDU
podpole kontrolne 20220816122955.0
007 - DANE KONTROLNE - FORMA FIZYCZNA DOKUMENTU
podpole kontrolne o stałej długości sd fsngnnmmned
008 - POLE O STAŁEJ DŁUGOŚCI - DANE KONTROLNE
podpole kontrolne o stałej długości 061010s2005 pl munn 000 0 d
020 ## - MIĘDZYNARODOWY ZNORMALIZOWANY NUMER KSIĄŻKI - ISBN
ISBN 8360004080
020 ## - MIĘDZYNARODOWY ZNORMALIZOWANY NUMER KSIĄŻKI - ISBN
ISBN 8360004064
040 ## - ŹRÓDŁO KATALOGOWANIA
Instytucja, która utworzyła rekord KOSZ 005
Instytucja, która sporządziła opis KOSZ 005
Instytucja, która dokonała modyfikacji KOSZ 005/AR
-- KOSZ 005/HR
041 0# - KOD JĘZYKA
Kod języka tekstu pol
046 ## - DATY KODOWANE
Pojedyncza data lub początek okresu powstania dzieła lub zbioru dzieł 2005
080 ## - UNIWERSALNA KLASYFIKACJA DZIESIĘTNA - UKD
UKD 780.8:780.616(438)"18"
080 ## - UNIWERSALNA KLASYFIKACJA DZIESIĘTNA - UKD
UKD 78.071.1(438)"18"
080 ## - UNIWERSALNA KLASYFIKACJA DZIESIĘTNA - UKD
UKD 929-052(438)"18"
100 ## - NAZWA OSOBOWA
Nazwa osobowa Chopin, Fryderyk
Daty związane z nazwą (1810-1849)
Określenie rodzaju współpracy Kompozytor
245 10 - TYTUŁ/ODPOWIEDZIALNOŚĆ
Tytuł Chopin /
Pozostałe elementy strefy tytułu i oznaczenia odpowiedzialności Fryderyk Chopin
260 ## - STREFA ADRESU WYDAWNICZEGO
Miejsce wydania Warszawa :
Nazwa wydawcy/dystrybutora Mediasat Poland,
Data publikacji, dystrybucji/powstania dokumentu 2005.
300 ## - STREFA OPISU FIZYCZNEGO
Objętość 1 płyta CD (69 min 01 s) :
Inne cechy fizyczne zapis cyfrowy, stereo ;
Rozmiary 12 cm +
Dokument towarzyszący 1 dodatek : 51 stron : ilustracje ; 13 cm x 14 cm.
336 ## - TYP ZAWARTOŚCI
Źródło (terminu i kodu) rdacontent
Termin opisujący typ zawartości Nagranie muzyczne
Kod określający zawartość prm
336 ## - TYP ZAWARTOŚCI
Źródło (terminu i kodu) rdacontent
Wyszczególnienie materiału Dodatek
Termin opisujący typ zawartości Tekst
Kod określający zawartość txt
337 ## - TYP MEDIÓW
Źródło (terminu i kodu) rdamedia
Tryb odtwarzania Audio
Kod typu mediów s
337 ## - TYP MEDIÓW
Źródło (terminu i kodu) rdamedia
Wyszczególnienie materiału Dodatek
Tryb odtwarzania Bez urządzenia pośredniczącego
Kod typu mediów n
338 ## - TYP/RODZAJ NOŚNIKA
Źródło (terminu i kodu) rdacarrier
Hasło opisujące typ nośnika Płyta audio
Kod typu nośnika
338 ## - TYP/RODZAJ NOŚNIKA
Źródło (terminu i kodu) rdacarrier
Wyszczególnienie materiału Dodatek
Hasło opisujące typ nośnika Wolumin
Kod typu nośnika
380 ## - FORMA I TYP PUBLIKACJI
Forma i typ publikacji Muzyka
388 ## - CZAS POWSTANIA
Czas powstania 1801-1900
490 1# - STREFA SERII I DOKUMENTU WIELOCZĘŚCIOWEGO - FORMA NIE DO WYSZUKIWANIA
Tytuł i oznaczenie odpowiedzialności serii Biblioteka Gazety Wyborczej. Wielcy Kompozytorzy ;
Numeracja w obrębie serii 2
500 ## - UWAGI OGÓLNE
Tekst uwagi Reżyser nagrania: Małgorzata Polańska, Lech Tołwiński.
500 ## - UWAGI OGÓLNE
Tekst uwagi Janusz Olejniczak, fortepian-Steinway.
500 ## - UWAGI OGÓLNE
Tekst uwagi Nagranie: Sala koncertowa Akademii Muzycznej im. Feliksa Nowowiejskiego w Bydgoszczy, sierpień 1995, kwiecień 1996 roku.
500 ## - UWAGI OGÓLNE
Tekst uwagi Tekst komentarza: Artur Szklener.
600 1# - HASŁO PRZEDMIOTOWE W FORMIE NAZWY OSOBOWEJ
Nazwa osobowa Chopin, Fryderyk
Daty związane z nazwą (1810-1849)
648 #7 - HASŁO PRZEDMIOTOWE - TERMIN CHRONOLOGICZNY
Termin chronologiczny 1801-1900
655 ## - TERMIN INDEKSOWY - OKREŚLENIE RODZAJU/FORMY DOKUMENTU
Określenie rodzaju/formy dokumentu Muzyka na fortepian
655 ## - TERMIN INDEKSOWY - OKREŚLENIE RODZAJU/FORMY DOKUMENTU
Określenie rodzaju/formy dokumentu Muzyka polska
700 1# - HASŁO DODATKOWE - NAZWA OSOBOWA
Nazwa osobowa Polańska, Małgorzata
Dopowiedzenie (reżyser dźwięku)
Określenie związku między hasłem a opisywanym materiałem Reżyser nagrania
700 1# - HASŁO DODATKOWE - NAZWA OSOBOWA
Nazwa osobowa Tołwiński, Lech
Daty związane z nazwą (1954- )
Określenie związku między hasłem a opisywanym materiałem Reżyser nagrania
700 1# - HASŁO DODATKOWE - NAZWA OSOBOWA
Nazwa osobowa Szklener, Artur
Określenie związku między hasłem a opisywanym materiałem Tekst
700 1# - HASŁO DODATKOWE - NAZWA OSOBOWA
Nazwa osobowa Olejniczak, Janusz
Daty związane z nazwą (1952- )
Określenie związku między hasłem a opisywanym materiałem Wykonanie
710 ## - HASŁO DODATKOWE - NAZWA CIAŁA ZBIOROWEGO
Nazwa ciała zbiorowego lub jednostki geograficznej Mediasat Poland
Określenie związku między hasłem a opisywanym materiałem Wydawca
830 #0 - HASŁO DODATKOWE SERII LUB DOKUMENTU WIELOCZĘŚCIOWEGO - TYTUŁ UJEDNOLICONY
Tytuł ujednolicony Biblioteka Gazety Wyborczej.
Nazwa części/sekcji dzieła Wielcy Kompozytorzy
Oznaczenie tomu 2
942 ## - DODATKOWE ELEMENTY (KOHA)
Typ dokumentu Płyta CD
Schemat klasyfikacji Uniwersalna Klasyfikacja Dziesiętna
Egzemplarze
Wycofany Status Uszkodzony Dostępność Lokalizacja stała Lokalizacja bieżąca Miejsce przechowywania Cena Sygnatura Kod kreskowy Dział Koszt zastąpienia Typ dokumentu
      Tylko na miejscu Biblioteka Politechniki Koszalińskiej Biblioteka Politechniki Koszalińskiej Czytelnia BG 14.90 CD 1331 00336031 0/9(0.034.2) Dokumenty elektroniczne 14.90 Płyta CD
© 2023 Biblioteka Politechniki Koszalińskiej :: KOHA